As aventuras de Tom Sawyer (Record no. 64229)

MARC details
000 -LÍDER
campo de controle de tamanho fixo 00353 a2200157 4500
001 - NÚMERO DE CONTROLE
campo de controle 64229
020 ## - ISBN - INTERNATIONAL STANDARD BOOK NUMBER
ISBN - International Standard Book Number 8526256483
040 ## - FONTE DA CATALOGAÇÃO
Instituição que transcreveu o registro Anchieta - Pituba
100 ## - ENTRADA PRINCIPAL--NOME PESSOAL
Nome pessoal Twain, Mark
240 10 - TÍTULO UNIFORME
Título uniforme As aventuras de Tom Sawyer
Idioma da obra por
245 10 - TÍTULO
Título As aventuras de Tom Sawyer
300 ## - DESCRIÇÃO FÍSICA
Extensão 95
362 0# - DATAS DE PUBLICAÇÃO E/OU DESIGNAÇÃO SEQUENCIAL
Datas de publicação e/ou designação sequencial 2004
650 #4 - ASSUNTO--TERMO TÓPICO
Cabeçalho tópico ou nome geográfico Ficção norte-americana
942 ## - ELEMENTOS DE ENTRADA ADICIONADOS (KOHA)
Tipo de material Koha Livros
Holdings
Situação do descarte Situação das perdas Situação física Não pode ser emprestado Biblioteca de origem Biblioteca atual Data de aquisição Total de empréstimos Número de chamada completo Código de barras Data de último acesso Data do preço efetivo Tipo de material Koha
        Colégio Anchieta - Pituba Colégio Anchieta - Pituba 21/11/2023   813 T969a TWA AVE 18029/PIT 21/11/2023 21/11/2023 Livros
        Colégio Anchieta - Pituba Colégio Anchieta - Pituba 21/11/2023   813 T969a TWA AVE 18030/PIT 21/11/2023 21/11/2023 Livros
        Colégio Anchieta - Pituba Colégio Anchieta - Pituba 21/11/2023   LJ 028.5 L732a LIM AVE 23820/PIT 21/11/2023 21/11/2023 Livros
        Colégio Anchieta - Pituba Colégio Anchieta - Pituba 21/11/2023   LJ 028.5 L732a LIM AVE 23821/PIT 21/11/2023 21/11/2023 Livros